Optics\ (Record no. 590131)
[ view plain ]
| 000 -LEADER | |
|---|---|
| fixed length control field | 00443nam a22001817a 4500 |
| 003 - CONTROL NUMBER IDENTIFIER | |
| control field | NUST |
| 005 - DATE AND TIME OF LATEST TRANSACTION | |
| control field | 20220607102321.0 |
| 008 - FIXED-LENGTH DATA ELEMENTS--GENERAL INFORMATION | |
| fixed length control field | 220607b ||||| |||| 00| 0 eng d |
| 020 ## - INTERNATIONAL STANDARD BOOK NUMBER | |
| International Standard Book Number | 978-0-691-20736-0 |
| 038 ## - RECORD CONTENT LICENSOR | |
| Staff Name | Muzammil |
| 082 ## - DEWEY DECIMAL CLASSIFICATION NUMBER | |
| Classification number | 530 |
| Author Mark | THO |
| 100 ## - MAIN ENTRY--PERSONAL NAME | |
| Personal name | Thorne,S. Kip |
| 9 (RLIN) | 92020 |
| 245 ## - TITLE STATEMENT | |
| Title | Optics\ |
| Statement of responsibility, etc. | Kip S. Thorne. |
| 250 ## - EDITION STATEMENT | |
| Edition statement | Vol-2 |
| 260 ## - PUBLICATION, DISTRIBUTION, ETC. | |
| Place of publication, distribution, etc. | New Jersey |
| Name of publisher, distributor, etc. | Princeton Press, |
| Date of publication, distribution, etc. | 2021. |
| 300 ## - PHYSICAL DESCRIPTION | |
| Extent | xx,596,:p.: |
| 942 ## - ADDED ENTRY ELEMENTS (KOHA) | |
| Source of classification or shelving scheme | |
| Koha item type | Book |
| Withdrawn status | Lost status | Source of classification or shelving scheme | Damaged status | Not for loan | Permanent Location | Current Location | Shelving location | Date acquired | Total Checkouts | Full call number | Barcode | Date last seen | Price effective from | Koha item type |
|---|---|---|---|---|---|---|---|---|---|---|---|---|---|---|
| School of Mechanical & Manufacturing Engineering (SMME) | School of Mechanical & Manufacturing Engineering (SMME) | General Stacks | 06/07/2022 | 530 THO | SMME-3757 | 06/07/2022 | 06/07/2022 | Book |
